Skip to main content
Your cart is empty.
Your lists
Log in to create your own lists
Your cookies
العربية
English
العربية
Home
Search
Advanced search
Authority search
About
The noble scholar, jurist, historian
His Excellency Dr. Abdul Wahhab bin Ibrahim Abu Sulaiman, may Allah have mercy on him.
He was born in Umm Al-Qura in the year 1356 AH.
Library catalog
Title
Author
Subject
ISBN
ISSN
Series
Call number
Log in to your account
×
Login:
Password:
Home
MARC view: السعودي /
Normal view
MARC view
ISBD view
السعودي / (Record no. 11577)
[
view plain
]
MARC details
000 -LEADER
fixed length control field
02491cam a2200385 i 4500
003 - CONTROL NUMBER IDENTIFIER
control field
SA-RiAUC
005 - DATE AND TIME OF LATEST TRANSACTION
control field
20250910122327.0
008 - FIXED-LENGTH DATA ELEMENTS--GENERAL INFORMATION
fixed length control field
250907s1999 le g 00100 ara c
020 ## - INTERNATIONAL STANDARD BOOK NUMBER
International Standard Book Number
1855163543
024 0# - OTHER STANDARD IDENTIFIER
Standard number or code
00000000732846
040 ## - CATALOGING SOURCE
Original cataloging agency
SA-JeALM
Language of cataloging
ara
Transcribing agency
SA-RiAUC
Description conventions
rda
041 1# - LANGUAGE CODE
Language code of text/sound track or separate title
ara
Language code of original
eng
043 ## - GEOGRAPHIC AREA CODE
Geographic area code
a-su---
050 #4 - LIBRARY OF CONGRESS CALL NUMBER
Item number
.Y36125 1999
082 04 - DEWEY DECIMAL CLASSIFICATION NUMBER
Classification number
953.1
Assigning agency
SA-RiAUC
090 ## - LOCALLY ASSIGNED LC-TYPE CALL NUMBER (OCLC); LOCAL CALL NUMBER (RLIN)
Classification number (OCLC) (R) ; Classification number, CALL (RLIN) (NR)
953.1
Local cutter number (OCLC) ; Book number/undivided call number, CALL (RLIN)
ي م ا
100 1# - MAIN ENTRY--PERSONAL NAME
Personal name
يماني، هاني أحمد زكي
Relator term
مؤلف.
240 10 - UNIFORM TITLE
Uniform title
To be a Saudi.
Language of a work
Arabic
245 12 - TITLE STATEMENT
Title
السعودي /
Statement of responsibility, etc.
هاني أحمد زكي يماني.
250 ## - EDITION STATEMENT
Edition statement
الطبعة الأولى.
264 #1 - PRODUCTION, PUBLICATION, DISTRIBUTION, MANUFACTURE, AND COPYRIGHT NOTICE
Place of production, publication, distribution, manufacture
بيروت ؛
--
لندن :
Name of producer, publisher, distributor, manufacturer
دار الساقي،
Date of production, publication, distribution, manufacture, or copyright notice
1997
300 ## - PHYSICAL DESCRIPTION
Extent
200 صفحة ؛
Dimensions
20 × 14 سم
336 ## - CONTENT TYPE
Content type term
نص
Content type code
txt
Source
rdacontent
Materials specified
كتاب
337 ## - MEDIA TYPE
Media type term
بدون وسيط
Media type code
n
Source
rdamedia
338 ## - CARRIER TYPE
Carrier type term
مجلد
Carrier type code
nc
Source
rdacarrier
500 ## - GENERAL NOTE
General note
كشاف : صفحة 200.
500 ## - GENERAL NOTE
General note
لوحة الغلاف : هاي آرت ديفيوشين، جنيف.
520 ## - SUMMARY, ETC.
Summary, etc.
"السعودي" سرد دقيق لواقع المملكة العربية السعودية وشعبها وحضارتها وإنجازاتها وتطلعاتها للمستقبل. ومؤلفه رجل أعمال سعودي مرموق حرص على تبديد التحامل الغربي على بلده فقدم رؤية صادقة إلى عالم محجوب عن الأعين الغربية ؛ رؤية تتسم بالصراحة الشديدة والإخلاص والاعتزاز، وتجسد شعور الشباب السعودي المثقف والمستنير، وتسرد بتحليل موضوعي حكاية بلد جعلت منه ثروته النفطية دولة مهمة للغاية بالنسبة إلى الدنيا بأجمعها. ينحدر المؤلف، هاني أحمد زكي يماني، من عائلة علم في المملكة العربية السعودية، وهو النجل الأكبر لوزير النفط المرموق الأسبق. وقد أسس مجموعة تجارية ناجحة ذات أنشطة واسعة ومتعددة في الشرق الأوسط وإفريقيا.
651 #7 - SUBJECT ADDED ENTRY--GEOGRAPHIC NAME
Geographic name
السعودية
General subdivision
تاريخ
Source of heading or term
aucsh
651 #7 - SUBJECT ADDED ENTRY--GEOGRAPHIC NAME
Geographic name
السعودية
General subdivision
أحوال اجتماعية
Source of heading or term
aucsh
651 #7 - SUBJECT ADDED ENTRY--GEOGRAPHIC NAME
Geographic name
السعودية
General subdivision
أحوال اقتصادية
Source of heading or term
aucsh
700 12 - ADDED ENTRY--PERSONAL NAME
Relationship information
ترجمة لـ :
Personal name
يماني، هاني أحمد زكي.
Title of a work
To be a Saudi
942 ## - ADDED ENTRY ELEMENTS (KOHA)
Source of classification or shelving scheme
Dewey Decimal Classification
Koha item type
Books
Suppress in OPAC
No
949 ## - LOCAL PROCESSING INFORMATION (OCLC)
a
SA-JeALM
d
250907
u
mohamedma123
n
1
Holdings
Withdrawn status
Lost status
Source of classification or shelving scheme
Damaged status
Not for loan
Home library
Current library
Date acquired
Total checkouts
Full call number
Barcode
Date last seen
Price effective from
Koha item type
Dewey Decimal Classification
DR AbdElwahab Library
DR AbdElwahab Library
09/10/2025
953.1 ي م ا
000018724
09/10/2025
09/10/2025
Books
Place hold
Print
Add to your cart
(remove)
Save record
BIBTEX
Dublin Core
MARCXML
MARC (non-Unicode/MARC-8)
MARC (Unicode/UTF-8)
MARC (Unicode/UTF-8, Standard)
MODS (XML)
RIS
ISBD
More searches
Search for this title in:
Other Libraries (WorldCat)
Other Databases (Google Scholar)
Online Stores (Bookfinder.com)
Open Library (openlibrary.org)
Exporting to Dublin Core...
×
Simple DC-RDF
OAI-DC
SRW-DC